[Event "Titled Tuesday intern op 07th Feb Early"]
[Site "Chess.com INT"]
[Date "2023.02.07"]
[Round "6"]
[White "Zhigalko, Sergei"]
[Black "Shipov, Sergei"]
[Result "1-0"]
[WhiteElo "2572"]
[BlackElo "2541"]
[PlyCount "137"]
[EventDate "2023.02.07"]
[EventType "swiss (blitz)"]
[EventRounds "11"]
[EventCountry "USA"]
[SourceTitle "EXT 2024"]
[Source "ChessBase"]
[SourceDate "2023.10.10"]
[SourceVersion "1"]
[SourceVersionDate "2023.10.10"]
[SourceQuality "1"]

1. e4 e6 2. d4 d5 3. Nd2 Be7 4. Ngf3 Nf6 5. Bd3 c5 6. exd5 Qxd5 7. 0-0 cxd4 8. Re1 Nc6 9. Qe2 0-0 10. Nb3 Rd8 11. Bf4 b6 12. Rad1 Bb7 13. c3 h6 14. Bb1 Qh5 15. Nbxd4 Nxd4 16. Nxd4 Qxe2 17. Nxe2 b5 18. Nd4 a6 19. h3 Nd5 20. Be5 Rac8 21. Be4 b4 22. cxb4 Bxb4 23. Rf1 Ba8 24. a3 Bc5 25. Nb3 Bb6 26. Rc1 f6 27. Rxc8 Rxc8 28. Bd4 Bxd4 29. Nxd4 Kf7 30. Re1 Nc7 31. Bxa8 Rxa8 32. Rc1 Nb5 33. Nxb5 axb5 34. Rc7+ Kg6 35. Rb7 Ra5 36. g3 h5 37. h4 e5 38. Kg2 Kh6 39. Kf3 g5 40. hxg5+ Kxg5 41. Rb6 Kf5 42. Ke3 Kg5 43. f3 Kf5 44. Kd3 Kg5 45. Kc3 f5 46. Kb4 Ra4+ 47. Kc5 Rd4 48. Rxb5 Rd3 49. a4 Rxf3 50. a5 Rxg3 51. a6 Rg1 52. Kb6 h4 53. a7 Ra1 54. Ra5 Rxa5 55. Kxa5 e4 56. a8Q h3 57. Qg8+ Kf4 58. Qg1 e3 59. b4 Kf3 60. Qf1+ Kg3 61. Qg1+ Kf3 62. b5 e2 63. b6 h2 64. Qh1+ Ke3 65. b7 f4 66. b8Q f3 67. Qe5+ Kd2 68. Qd4+ Kc2 69. Qf2 1-0

[Event "Titled Tuesday intern op 31st Jan Early"]
[Site "Chess.com INT"]
[Date "2023.01.31"]
[Round "6"]
[White "Shipov, Sergei"]
[Black "Moroni, Luca Jr"]
[Result "0-1"]
[WhiteElo "2541"]
[BlackElo "2576"]
[PlyCount "70"]
[EventDate "2023.01.31"]
[EventType "swiss (blitz)"]
[EventRounds "11"]
[EventCountry "USA"]
[SourceTitle "CBM 212 Extra"]
[Source "ChessBase"]
[SourceDate "2023.03.31"]
[SourceVersion "1"]
[SourceVersionDate "2023.03.31"]
[SourceQuality "1"]

1. d4 g6 2. c4 Bg7 3. e4 d6 4. Nf3 Bg4 5. Be2 Bxf3 6. Bxf3 Nc6 7. d5 Nd4 8. 0-0 Nxf3+ 9. Qxf3 Nf6 10. Nc3 Nd7 11. Bg5 c6 12. Rfe1 0-0 13. Rac1 Rc8 14. b3 a6 15. h3 h6 16. Bh4 Re8 17. Qe3 Qa5 18. dxc6 bxc6 19. Na4 c5 20. Red1 Ne5 21. f4 Nc6 22. e5 Nd4 23. Bf2 Qc7 24. Re1 Rcd8 25. Kh1 e6 26. Qe4 Rd7 27. g4 Red8 28. Kg2 g5 29. exd6 Qxd6 30. Bg3 Qe7 31. f5 Qf8 32. fxe6 Nxe6 33. Re2 Rd3 34. Rf1 Qe7 35. Ref2 Rd2 0-1

[Event "Titled Tuesday intern op 17th Jan Early"]
[Site "Chess.com INT"]
[Date "2023.01.17"]
[Round "3"]
[White "Albertini, Luca"]
[Black "Shipov, Sergei"]
[Result "1-0"]
[WhiteElo "2084"]
[BlackElo "2541"]
[PlyCount "75"]
[EventDate "2023.01.17"]
[EventType "swiss (blitz)"]
[EventRounds "11"]
[EventCountry "USA"]
[SourceTitle "CBM 212 Extra"]
[Source "ChessBase"]
[SourceDate "2023.03.31"]
[SourceVersion "1"]
[SourceVersionDate "2023.03.31"]
[SourceQuality "1"]

1. e4 e6 2. d4 d5 3. e5 c5 4. c3 Nc6 5. Nf3 Bd7 6. Bd3 cxd4 7. cxd4 Qb6 8. Nbd2 Nxd4 9. Nxd4 Qxd4 10. Nf3 Qa4 11. Bc2 Qa5+ 12. Bd2 Bb4 13. 0-0 Bxd2 14. Nxd2 Ne7 15. Nb3 Qb6 16. Qh5 Ng6 17. Kh1 Rc8 18. Bxg6 fxg6 19. Qf3 Rf8 20. Qh3 h6 21. Qg4 Kf7 22. f4 Rc4 23. Rf3 Be8 24. Nd2 Rc2 25. Rb3 Qc6 26. Nf3 Rc1+ 27. Rxc1 Qxc1+ 28. Ng1 b6 29. Rc3 Qxb2 30. Rc7+ Kg8 31. Qxe6+ Bf7 32. Qd6 d4 33. e6 Be8 34. Qe5 Rf6 35. Rc8 Kh7 36. Rxe8 Qxa2 37. e7 Re6 38. Qb8 1-0

[Event "Titled Tuesday intern op 17th Jan Early"]
[Site "Chess.com INT"]
[Date "2023.01.17"]
[Round "2"]
[White "Kostenko, Petr"]
[Black "Shipov, Sergei"]
[Result "1/2-1/2"]
[WhiteElo "2371"]
[BlackElo "2541"]
[PlyCount "60"]
[EventDate "2023.01.17"]
[EventType "swiss (blitz)"]
[EventRounds "11"]
[EventCountry "USA"]
[SourceTitle "CBM 212 Extra"]
[Source "ChessBase"]
[SourceDate "2023.03.31"]
[SourceVersion "1"]
[SourceVersionDate "2023.03.31"]
[SourceQuality "1"]

1. c4 Nf6 2. g3 c6 3. b3 d5 4. Bb2 Bg4 5. Bg2 Nbd7 6. Nf3 e6 7. 0-0 Bd6 8. d4 0-0 9. Nbd2 h6 10. Re1 a5 11. a3 Qe7 12. e4 dxe4 13. Nxe4 Nxe4 14. Rxe4 Nf6 15. Re1 Rfd8 16. Qc1 Qc7 17. d5 cxd5 18. Bxf6 gxf6 19. Qxh6 Bxf3 20. Bxf3 Be5 21. Rac1 d4 22. c5 d3 23. Red1 f5 24. Rc4 Bg7 25. Qf4 Qxf4 26. gxf4 Rab8 27. Ra4 Bc3 28. Rc4 Bg7 29. Ra4 Bc3 30. Rc4 Bg7 1/2-1/2

[Event "Titled Tuesday intern op 17th Jan Early"]
[Site "Chess.com INT"]
[Date "2023.01.17"]
[Round "8"]
[White "Shipov, Sergei"]
[Black "Kamalidenova, Meruert"]
[Result "0-1"]
[WhiteElo "2541"]
[BlackElo "2373"]
[PlyCount "128"]
[EventDate "2023.01.17"]
[EventType "swiss (blitz)"]
[EventRounds "11"]
[EventCountry "USA"]
[SourceTitle "CBM 212 Extra"]
[Source "ChessBase"]
[SourceDate "2023.03.31"]
[SourceVersion "1"]
[SourceVersionDate "2023.03.31"]
[SourceQuality "1"]

1. d4 Nf6 2. c4 g6 3. Nc3 Bg7 4. e4 d6 5. Be2 0-0 6. Nf3 e5 7. Be3 Ng4 8. Bg5 f6 9. Bh4 g5 10. Bg3 Nc6 11. d5 Ne7 12. Nxg5 fxg5 13. Bxg4 Bxg4 14. Qxg4 Ng6 15. h4 gxh4 16. Bxh4 Qe8 17. Bg3 a6 18. Qh5 h6 19. f3 b5 20. cxb5 axb5 21. 0-0 b4 22. Ne2 Nf4 23. Qxe8 Nxe2+ 24. Kf2 Rfxe8 25. Kxe2 Bf6 26. Rfc1 Ra7 27. Bf2 Rb7 28. b3 Bg5 29. Rc4 Ra8 30. Be1 Rba7 31. Rc2 Rb7 32. Rb1 Kg7 33. Rbb2 Kg6 34. Rc4 Rba7 35. Rcc2 Rb7 36. Kd3 h5 37. Kc4 Rab8 38. Re2 h4 39. Rbc2 Kf6 40. Bf2 Ke7 41. Re1 h3 42. gxh3 Rf8 43. h4 Bh6 44. Rg1 Rxf3 45. Rg6 Bf4 46. Rg8 Rh3 47. Ra8 Be3 48. Be1 Bc5 49. Re2 Kd7 50. Ra4 Rh1 51. Ra5 Bd4 52. Rb5 Ra7 53. Rxb4 Bc5 54. Ra4 Rb7 55. b4 Bd4 56. Ra8 c6 57. dxc6+ Kxc6 58. a4 Kd7 59. b5 Rc7+ 60. Kb3 Rh3+ 61. Ka2 Rc1 62. Rb2 Bxb2 63. Kxb2 Rxe1 64. a5 Re2+ 0-1

[Event "Titled Tuesday intern op 17th Jan Early"]
[Site "Chess.com INT"]
[Date "2023.01.17"]
[Round "6"]
[White "Shipov, Sergei"]
[Black "Md Imran"]
[Result "1/2-1/2"]
[WhiteElo "2541"]
[BlackElo "2303"]
[PlyCount "82"]
[EventDate "2023.01.17"]
[EventType "swiss (blitz)"]
[EventRounds "11"]
[EventCountry "USA"]
[SourceTitle "CBM 212 Extra"]
[Source "ChessBase"]
[SourceDate "2023.03.31"]
[SourceVersion "1"]
[SourceVersionDate "2023.03.31"]
[SourceQuality "1"]

1. d4 Nf6 2. c4 c5 3. d5 b5 4. cxb5 a6 5. e3 e6 6. Nc3 exd5 7. Nxd5 Bb7 8. Nxf6+ Qxf6 9. Nf3 Be7 10. a4 0-0 11. Rb1 axb5 12. axb5 d5 13. Bd2 Qg6 14. Bc3 d4 15. exd4 Bxf3 16. gxf3 cxd4 17. Bd2 Bh4 18. Bh3 Re8+ 19. Kf1 Qd3+ 20. Kg2 Re2 21. Re1 Rxf2+ 22. Kh1 Nd7 23. Bf4 Qxb5 24. Qxd4 Nf8 25. Rf1 Re2 26. Bg3 Bf6 27. Qd6 Ra6 28. Qc7 h5 29. b4 h4 30. Bd6 Rc6 31. Qb8 Qd5 32. Qxf8+ Kh7 33. Bc5 Qd2 34. Qxf7 Rxh2+ 35. Kg1 Qg5+ 36. Kxh2 Qg3+ 37. Kh1 Qxh3+ 38. Kg1 Qg3+ 39. Kh1 Qh3+ 40. Kg1 Qg3+ 41. Kh1 Qh3+ 1/2-1/2

[Event "Titled Tuesday intern op 10th Jan Early"]
[Site "Chess.com INT"]
[Date "2023.01.10"]
[Round "7"]
[White "Kamsky, Gata"]
[Black "Shipov, Sergei"]
[Result "1-0"]
[WhiteElo "2666"]
[BlackElo "2541"]
[PlyCount "105"]
[EventDate "2023.01.10"]
[EventType "swiss (blitz)"]
[EventRounds "11"]
[EventCountry "USA"]
[SourceTitle "EXT 2024"]
[Source "ChessBase"]
[SourceDate "2023.10.10"]
[SourceVersion "1"]
[SourceVersionDate "2023.10.10"]
[SourceQuality "1"]

1. e4 e6 2. d4 d5 3. Nc3 Bb4 4. e5 c5 5. a3 Ba5 6. b4 cxd4 7. Nb5 Bc7 8. f4 Bd7 9. Nxc7+ Qxc7 10. Nf3 Ne7 11. Bb2 a6 12. Qd2 Bb5 13. Bxb5+ axb5 14. Nxd4 Qc4 15. Qd3 Nbc6 16. Nxb5 0-0 17. Qxc4 dxc4 18. Nd6 Nd5 19. Nxc4 Nxf4 20. 0-0 Nd5 21. Nd6 b6 22. Rf3 Rad8 23. c4 Nde7 24. Rc1 Ng6 25. c5 bxc5 26. Rxc5 Ncxe5 27. Bxe5 Nxe5 28. Rxe5 Rxd6 29. Rb3 Rc8 30. Re2 Kf8 31. b5 Ke7 32. a4 Rc1+ 33. Kf2 Ra1 34. b6 Rd8 35. b7 Rb8 36. Rb4 Kd6 37. Rc2 Kd7 38. Ke3 e5 39. Ke4 f6 40. Kd5 Rd1+ 41. Ke4 Re1+ 42. Kd3 Rd1+ 43. Kc3 Kc7 44. Kb2+ Kd7 45. a5 Rd5 46. a6 Ra5 47. Rb6 h5 48. Kb3 h4 49. Ra2 Rxa2 50. Kxa2 Kc7 51. a7 Rxb7 52. Ra6 Rxa7 53. Rxa7+ 1-0

[Event "Titled Tuesday intern op 10th Jan Early"]
[Site "Chess.com INT"]
[Date "2023.01.10"]
[Round "6"]
[White "Khumalo, Keith"]
[Black "Shipov, Sergei"]
[Result "0-1"]
[WhiteElo "2099"]
[BlackElo "2541"]
[PlyCount "54"]
[EventDate "2023.01.10"]
[EventType "swiss (blitz)"]
[EventRounds "11"]
[EventCountry "USA"]
[SourceTitle "EXT 2024"]
[Source "ChessBase"]
[SourceDate "2023.10.10"]
[SourceVersion "1"]
[SourceVersionDate "2023.10.10"]
[SourceQuality "1"]

1. d4 d5 2. Nf3 e6 3. g3 b5 4. Bg2 Bb7 5. 0-0 Nf6 6. Nc3 a6 7. Ne5 c5 8. e4 dxe4 9. dxc5 Qxd1 10. Rxd1 Bxc5 11. Bg5 Be7 12. Bxf6 gxf6 13. Ng4 f5 14. Ne3 Nd7 15. a4 b4 16. Ne2 Ne5 17. Nd4 h5 18. h4 Rc8 19. Bf1 Kf8 20. Nb3 Nf3+ 21. Kh1 f4 22. Nc4 fxg3 23. fxg3 Rg8 24. Rd7 Rxg3 25. Bg2 Bc6 26. Rdd1 Nxh4 27. Rd2 Nxg2 0-1

[Event "Titled Tuesday intern op 10th Jan Early"]
[Site "Chess.com INT"]
[Date "2023.01.10"]
[Round "5"]
[White "Shipov, Sergei"]
[Black "Soham, Kamotra"]
[Result "1-0"]
[WhiteElo "2541"]
[BlackElo "2329"]
[PlyCount "133"]
[EventDate "2023.01.10"]
[EventType "swiss (blitz)"]
[EventRounds "11"]
[EventCountry "USA"]
[SourceTitle "EXT 2024"]
[Source "ChessBase"]
[SourceDate "2023.10.10"]
[SourceVersion "1"]
[SourceVersionDate "2023.10.10"]
[SourceQuality "1"]

1. d4 Nf6 2. c4 b6 3. f3 Nc6 4. Nc3 e5 5. d5 Ne7 6. e4 Ng6 7. Be3 Bc5 8. Bxc5 bxc5 9. Bd3 d6 10. Nge2 0-0 11. 0-0 Nh5 12. g3 Qg5 13. Qc1 h6 14. Qxg5 hxg5 15. Nb5 a6 16. Nbc3 Ne7 17. Rab1 Rb8 18. b3 Bd7 19. Kg2 g6 20. Ng1 Rb4 21. Nh3 f6 22. Nf2 Rfb8 23. Bc2 Kf7 24. Nd3 R4b6 25. Rf2 a5 26. a4 R6b7 27. Nb5 Rh8 28. Kg1 Ke8 29. f4 gxf4 30. gxf4 exf4 31. Nxf4 Nxf4 32. Rxf4 Ng8 33. h4 Kf7 34. Rbf1 Kg7 35. Kf2 Rh5 36. Rg1 Re5 37. Ke3 Be8 38. Kd2 Bf7 39. Nc3 Rb8 40. Nd1 Rbe8 41. Ne3 Nh6 42. Rgf1 Ng8 43. Ng4 R5e7 44. Nxf6 Nxf6 45. Rxf6 Rh8 46. R6f4 Be8 47. Rg1 Re5 48. Bd1 Rh6 49. h5 Re7 50. Rfg4 Re5 51. hxg6 Rxg6 52. Bf3 Kf6 53. Ke3 Rxg4 54. Rxg4 Bg6 55. Rh4 Re8 56. Kf4 Rb8 57. Bd1 Rf8 58. Ke3 Re8 59. Rg4 Rh8 60. Bc2 Rh3+ 61. Kd2 Rh2+ 62. Kc3 Rh3+ 63. Kb2 Bh5 64. Rg8 Rh2 65. Kc3 Bf3 66. Rf8+ Ke5 67. Rxf3 1-0

[Event "Titled Tuesday intern op 03rd Jan Early"]
[Site "Chess.com INT"]
[Date "2023.01.03"]
[Round "7"]
[White "Leenhouts, Koen"]
[Black "Shipov, Sergei"]
[Result "0-1"]
[WhiteElo "2438"]
[BlackElo "2541"]
[PlyCount "72"]
[EventDate "2023.01.03"]
[EventType "swiss (blitz)"]
[EventRounds "11"]
[EventCountry "USA"]
[SourceTitle "EXT 2024"]
[Source "ChessBase"]
[SourceDate "2023.10.10"]
[SourceVersion "1"]
[SourceVersionDate "2023.10.10"]
[SourceQuality "1"]

1. d4 d5 2. c4 dxc4 3. e3 e6 4. Bxc4 c5 5. Nf3 Nf6 6. 0-0 Nc6 7. a3 a6 8. Ba2 b6 9. Nc3 Bb7 10. dxc5 Qxd1 11. Rxd1 Bxc5 12. b4 Be7 13. Bb2 0-0 14. Na4 b5 15. Nc5 Bxc5 16. bxc5 Ne4 17. Rac1 Rfd8 18. Nd4 Nxd4 19. Bxd4 Rac8 20. f3 Nf6 21. Bxf6 gxf6 22. Rd4 Kf8 23. Kf2 Ke7 24. Bb1 h6 25. Ke2 Bd5 26. Bd3 e5 27. Rh4 Rh8 28. a4 Bc6 29. axb5 axb5 30. Rb4 Rc7 31. Ra1 Rb8 32. Rc1 Bd7 33. h4 Rbc8 34. Ra1 Rxc5 35. Ra7 R8c7 36. g4 Rxa7 0-1

[Event "Titled Tuesday intern op 03rd Jan Early"]
[Site "Chess.com INT"]
[Date "2023.01.03"]
[Round "11"]
[White "Shipov, Sergei"]
[Black "Freitag, Manfred"]
[Result "1-0"]
[WhiteElo "2541"]
[BlackElo "2352"]
[PlyCount "95"]
[EventDate "2023.01.03"]
[EventType "swiss (blitz)"]
[EventRounds "11"]
[EventCountry "USA"]
[SourceTitle "EXT 2024"]
[Source "ChessBase"]
[SourceDate "2023.10.10"]
[SourceVersion "1"]
[SourceVersionDate "2023.10.10"]
[SourceQuality "1"]

1. d4 Nf6 2. c4 g6 3. Nc3 Bg7 4. e4 d6 5. Be2 0-0 6. Nf3 e5 7. Be3 exd4 8. Nxd4 Re8 9. f3 c6 10. Bf2 d5 11. exd5 cxd5 12. 0-0 Nc6 13. c5 Nh5 14. Qd2 Be5 15. g3 Bh3 16. Rfe1 Ng7 17. Bb5 Bxd4 18. Rxe8+ Qxe8 19. Bxd4 Nxd4 20. Qxd4 Nf5 21. Qd2 Qe7 22. b4 Rd8 23. Re1 Qf6 24. Nxd5 Kg7 25. Rd1 Qe5 26. Bc4 Nxg3 27. hxg3 Qxg3+ 28. Kh1 Qxf3+ 29. Kh2 Be6 30. Qd4+ f6 31. Rd3 Qe2+ 32. Kg1 Qe1+ 33. Kg2 Qe2+ 34. Kg3 Qe1+ 35. Qf2 Qe5+ 36. Qf4 Qe1+ 37. Kg2 Qe2+ 38. Kg1 Qe1+ 39. Qf1 Qxf1+ 40. Kxf1 h5 41. Ke2 h4 42. b5 g5 43. c6 bxc6 44. bxc6 Rc8 45. Bb5 h3 46. Kf3 f5 47. Ne3 f4 48. Ng4 1-0

[Event "Titled Tuesday intern op 27th Dec Early"]
[Site "Chess.com INT"]
[Date "2022.12.27"]
[Round "2"]
[White "Shipov, Sergei"]
[Black "Danielyan, Vahe"]
[Result "1-0"]
[WhiteElo "2541"]
[BlackElo "2307"]
[PlyCount "63"]
[EventDate "2022.12.27"]
[EventType "swiss (blitz)"]
[EventRounds "11"]
[EventCountry "USA"]
[SourceTitle "EXT 2024"]
[Source "ChessBase"]
[SourceDate "2023.10.10"]
[SourceVersion "1"]
[SourceVersionDate "2023.10.10"]
[SourceQuality "1"]

1. d4 Nf6 2. c4 g6 3. Nc3 Bg7 4. e4 d6 5. Be2 0-0 6. Nf3 e5 7. Be3 Qe8 8. dxe5 Ng4 9. Bg5 Nxe5 10. 0-0 Be6 11. Nd5 f6 12. Nxc7 Qf7 13. Nxe6 Qxe6 14. Bf4 Kh8 15. Qd5 Qe7 16. Rad1 Nbc6 17. Qxd6 Qf7 18. Qd5 Qe7 19. Be3 Rfd8 20. Qc5 Qe6 21. Nd4 Nxd4 22. Rxd4 Rdc8 23. Qd5 Qe8 24. Qxb7 Rab8 25. Qxa7 Rxb2 26. Re1 Ra8 27. Qc7 h5 28. h3 Kh7 29. f4 Nc6 30. Rd7 Ra7 31. Rxg7+ Kh8 32. Bxa7 1-0

[Event "Titled Tuesday intern op 27th Dec Early"]
[Site "Chess.com INT"]
[Date "2022.12.27"]
[Round "8"]
[White "Shipov, Sergei"]
[Black "Kleiman, Jake"]
[Result "1-0"]
[WhiteElo "2541"]
[BlackElo "2399"]
[PlyCount "105"]
[EventDate "2022.12.27"]
[EventType "swiss (blitz)"]
[EventRounds "11"]
[EventCountry "USA"]
[SourceTitle "EXT 2024"]
[Source "ChessBase"]
[SourceDate "2023.10.10"]
[SourceVersion "1"]
[SourceVersionDate "2023.10.10"]
[SourceQuality "1"]

1. d4 Nf6 2. c4 e6 3. Nc3 Bb4 4. Qc2 0-0 5. a3 Bxc3+ 6. Qxc3 d5 7. e3 b6 8. cxd5 exd5 9. Bd3 Ba6 10. Bxa6 Nxa6 11. Qc6 Qe8 12. Qxe8 Rfxe8 13. Ne2 c5 14. f3 Nc7 15. Bd2 Rac8 16. Kf2 Kf8 17. a4 Ne6 18. Bc3 Ke7 19. Rhd1 Red8 20. g4 g6 21. h4 h6 22. a5 Nc7 23. axb6 axb6 24. Ra7 Rd7 25. dxc5 bxc5 26. Nf4 Nfe8 27. Nxd5+ Nxd5 28. Rxd7+ Kxd7 29. Rxd5+ Kc6 30. Re5 Kd6 31. h5 Nc7 32. hxg6 fxg6 33. f4 Nd5 34. f5 gxf5 35. gxf5 Nxc3 36. Re6+ Kd5 37. bxc3 Kc4 38. Rxh6 Kxc3 39. Kf3 c4 40. e4 Kd4 41. Rd6+ Ke5 42. Rd5+ Kf6 43. Ke2 c3 44. Kd1 c2+ 45. Kc1 Rc4 46. Rd6+ Ke7 47. Re6+ Kf7 48. Re5 Kf6 49. Re8 Kf7 50. Re6 Rc5 51. e5 Rc4 52. Rf6+ Ke7 53. Rh6 1-0

[Event "Titled Tuesday intern op 27th Dec Early"]
[Site "Chess.com INT"]
[Date "2022.12.27"]
[Round "7"]
[White "Shipov, Sergei"]
[Black "Mendez Fortes, Eduardo Jesus"]
[Result "1-0"]
[WhiteElo "2541"]
[BlackElo "2250"]
[PlyCount "91"]
[EventDate "2022.12.27"]
[EventType "swiss (blitz)"]
[EventRounds "11"]
[EventCountry "USA"]
[SourceTitle "EXT 2024"]
[Source "ChessBase"]
[SourceDate "2023.10.10"]
[SourceVersion "1"]
[SourceVersionDate "2023.10.10"]
[SourceQuality "1"]

1. d4 Nf6 2. c4 e6 3. Nc3 Bb4 4. Qc2 0-0 5. a3 Bxc3+ 6. Qxc3 d6 7. f3 Nbd7 8. e4 c5 9. Ne2 b6 10. d5 e5 11. g4 a6 12. Ng3 Qc7 13. Rg1 Rb8 14. a4 b5 15. axb5 axb5 16. cxb5 Nb6 17. Bg5 Nfxd5 18. exd5 Nxd5 19. Qd2 Nb4 20. Ne4 f6 21. Be3 Rd8 22. Rd1 Be6 23. h4 Kh8 24. h5 Qe7 25. h6 g6 26. Kf2 Rbc8 27. Be2 Nd5 28. Rc1 Nb6 29. Rgd1 f5 30. Bg5 Qf8 31. Bxd8 Rxd8 32. Nxc5 Bg8 33. Nb7 Rd7 34. Nxd6 Nd5 35. Nc4 Qf6 36. g5 Qe6 37. b3 f4 38. Qb2 Re7 39. Nxe5 Qxe5 40. Qxe5+ Rxe5 41. Rc8 Rxg5 42. Bc4 Re5 43. Bxd5 Rxd5 44. Rxd5 g5 45. Rdd8 g4 46. Rxg8# 1-0

[Event "Titled Tuesday intern op 20th Dec Early"]
[Site "Chess.com INT"]
[Date "2022.12.20"]
[Round "4"]
[White "Vidit, Santosh Gujrathi"]
[Black "Shipov, Sergei"]
[Result "1/2-1/2"]
[WhiteElo "2730"]
[BlackElo "2541"]
[PlyCount "74"]
[EventDate "2022.12.20"]
[EventType "swiss (blitz)"]
[EventRounds "11"]
[EventCountry "USA"]
[SourceTitle "EXT 2024"]
[Source "ChessBase"]
[SourceDate "2023.10.10"]
[SourceVersion "1"]
[SourceVersionDate "2023.10.10"]
[SourceQuality "1"]

1. c4 Nf6 2. g3 c6 3. Bg2 d5 4. Nf3 dxc4 5. 0-0 Nbd7 6. Qc2 Nb6 7. a4 a5 8. Na3 g6 9. Nxc4 Nxc4 10. Qxc4 Bg7 11. d4 0-0 12. Bf4 Be6 13. Qc1 Bd5 14. Rd1 Qb6 15. Bh6 Rfd8 16. Bxg7 Kxg7 17. e3 Rac8 18. Ra3 c5 19. dxc5 Rxc5 20. Rc3 Rdc8 21. Rxc5 Rxc5 22. Qd2 e6 23. Qd4 Qc7 24. Qf4 Qxf4 25. gxf4 Rc2 26. b3 Rb2 27. Nd4 Bxg2 28. Kxg2 Ng4 29. Kf3 Nxf2 30. Rc1 Nd3 31. Rc7 Kf6 32. Rxb7 Rxh2 33. Nc6 Rf2+ 34. Kg3 Re2 35. Kf3 Rf2+ 36. Kg3 Re2 37. Kf3 Rf2+ 1/2-1/2

[Event "Titled Tuesday intern op 13th Dec Early"]
[Site "Chess.com INT"]
[Date "2022.12.13"]
[Round "8"]
[White "Mendez Fortes, Eduardo Jesus"]
[Black "Shipov, Sergei"]
[Result "1-0"]
[WhiteElo "2250"]
[BlackElo "2541"]
[PlyCount "77"]
[EventDate "2022.12.13"]
[EventType "swiss (blitz)"]
[EventRounds "11"]
[EventCountry "USA"]
[SourceTitle "EXT 2024"]
[Source "ChessBase"]
[SourceDate "2023.10.10"]
[SourceVersion "1"]
[SourceVersionDate "2023.10.10"]
[SourceQuality "1"]

1. e4 e6 2. d4 d5 3. Nd2 Be7 4. c3 c5 5. dxc5 Nf6 6. exd5 Qxd5 7. Nb3 Qxd1+ 8. Kxd1 0-0 9. f3 e5 10. Kc2 Rd8 11. Bd3 Nbd7 12. Be3 Nd5 13. Bf2 Nf4 14. Bf1 Nf6 15. g4 h5 16. h3 Be6 17. Ne2 Nd3 18. Be3 e4 19. fxe4 Nxe4 20. Ned4 Ndxc5 21. Nxe6 Nxe6 22. Bg2 Nd6 23. gxh5 a5 24. Nd4 Nc4 25. Bf2 Nf4 26. Bf3 Rac8 27. Rae1 Bf6 28. Rd1 b6 29. h6 g6 30. h4 Ne5 31. Be4 Ng4 32. Bg1 Rc4 33. b3 Rcc8 34. Nb5 Ne2 35. Rxd8+ Bxd8 36. Bf3 Nxg1 37. Bxg4 Rc5 38. c4 f5 39. Bd1 1-0

[Event "Titled Tuesday intern op 13th Dec Early"]
[Site "Chess.com INT"]
[Date "2022.12.13"]
[Round "11"]
[White "Odegov, Artem"]
[Black "Shipov, Sergei"]
[Result "1-0"]
[WhiteElo "2286"]
[BlackElo "2541"]
[PlyCount "61"]
[EventDate "2022.12.13"]
[EventType "swiss (blitz)"]
[EventRounds "11"]
[EventCountry "USA"]
[SourceTitle "EXT 2024"]
[Source "ChessBase"]
[SourceDate "2023.10.10"]
[SourceVersion "1"]
[SourceVersionDate "2023.10.10"]
[SourceQuality "1"]

1. d4 d5 2. c4 dxc4 3. Nc3 a6 4. a4 Nc6 5. Nf3 Nf6 6. e4 Bg4 7. Be3 Bxf3 8. gxf3 e5 9. d5 Na5 10. Be2 Bd6 11. Rc1 0-0 12. 0-0 Qd7 13. Kh1 Nh5 14. Rg1 g6 15. Bg5 b5 16. f4 Nxf4 17. Bg4 Qe8 18. Bh6 Nb3 19. Rc2 Nd4 20. Rd2 Bc5 21. Bxf4 exf4 22. Rxd4 Qe5 23. Ne2 Kh8 24. Bd7 f3 25. Rd2 fxe2 26. Qxe2 Rad8 27. Bc6 Rb8 28. axb5 axb5 29. Rf1 Qf4 30. e5 b4 31. Rc2 1-0

[Event "Titled Tuesday intern op 13th Dec Early"]
[Site "Chess.com INT"]
[Date "2022.12.13"]
[Round "4"]
[White "Shipov, Sergei"]
[Black "Maneluk, Daniil"]
[Result "0-1"]
[WhiteElo "2541"]
[BlackElo "2309"]
[PlyCount "42"]
[EventDate "2022.12.13"]
[EventType "swiss (blitz)"]
[EventRounds "11"]
[EventCountry "USA"]
[SourceTitle "EXT 2024"]
[Source "ChessBase"]
[SourceDate "2023.10.10"]
[SourceVersion "1"]
[SourceVersionDate "2023.10.10"]
[SourceQuality "1"]

1. d4 Nf6 2. c4 g6 3. Nc3 d5 4. Nf3 Bg7 5. cxd5 Nxd5 6. Na4 0-0 7. e4 Nb6 8. Be2 Nxa4 9. Qxa4 c5 10. Be3 Nc6 11. dxc5 Bxb2 12. Rb1 Bc3+ 13. Kf1 Qc7 14. h4 h5 15. g3 Bg4 16. Kg2 Ne5 17. Qb3 Qa5 18. Nxe5 Bxe2 19. Nxg6 Bd3 20. Nxe7+ Kg7 21. Qd5 Rfd8 0-1

[Event "Titled Tuesday intern op 13th Dec Early"]
[Site "Chess.com INT"]
[Date "2022.12.13"]
[Round "10"]
[White "Shipov, Sergei"]
[Black "Raahul, VS."]
[Result "1-0"]
[WhiteElo "2541"]
[BlackElo "2325"]
[PlyCount "67"]
[EventDate "2022.12.13"]
[EventType "swiss (blitz)"]
[EventRounds "11"]
[EventCountry "USA"]
[SourceTitle "EXT 2024"]
[Source "ChessBase"]
[SourceDate "2023.10.10"]
[SourceVersion "1"]
[SourceVersionDate "2023.10.10"]
[SourceQuality "1"]

1. d4 d5 2. c4 e6 3. Nc3 c5 4. cxd5 exd5 5. Nf3 Nc6 6. g3 Nf6 7. Bg2 cxd4 8. Nxd4 Bc5 9. Nb3 Bb6 10. Na4 0-0 11. Nxb6 axb6 12. Nd4 Bg4 13. h3 Bh5 14. 0-0 Nxd4 15. Qxd4 Bxe2 16. Re1 Bb5 17. Be3 Ra4 18. Qxb6 Bc6 19. b3 Qxb6 20. Bxb6 Ra6 21. Bd4 Rfa8 22. a4 Ne4 23. Rac1 h6 24. Bf1 Ra5 25. Bb6 f5 26. Bxa5 Rxa5 27. Red1 Kf7 28. Bb5 Bxb5 29. Rxd5 Bc6 30. Rxa5 Nd2 31. Rxc6 bxc6 32. Ra7+ Kf6 33. b4 Ne4 34. Ra6 1-0